| 000 | 00412 a2200157 4500 | ||
|---|---|---|---|
| 020 | _a0670870110 | ||
| 040 |
_aDLC _bDLC |
||
| 082 | _a297.4 | ||
| 100 | 1 | 0 | _aDe Bono, Edward |
| 245 | 1 | 0 |
_aEdward de Bono's textbook of wisdom _cEdward de Bono. |
| 260 |
_aHarmondsworth, Midd. _b: Viking, _c1996. |
||
| 300 |
_a279 p. _b: ill. |
||
| 650 | 0 | _aPerception. | |
| 650 | 0 | _aCreative thinking. | |
| 942 |
_cBK _k297.4 DEB _2ddc |
||
| 999 |
_c7056 _d7056 |
||